Il y a plus de... que d'équipes en Ligue 1 : Quiz sur le sport ! - Statistiques

Statistiques générales
  • Ce quiz a été pris 66 fois
  • Le résultat moyen est 3 sur 10
Answers on the Grid
Answers color-coded by a green-red scale on the quiz's grid according to % correct below.
Le nombre de pays qualifiés à la coupe du monde de rugby à XV en 2023
Le nombre de Champions League gagnées par le Real Madrid
Le nombre de Grand Chelems gagnés par Serena Williams
Le nombre de pilotes de Formule 1 sur la grille en 2025
Le nombre de victoires en finale de Roland-Garros de Rafael Nadal
Le nombre d'écuries en MotoGP en 2025
Le nombres de médailles d'or françaises aux JO 2024
Le nombre d'équipes sur le Tour de France 2024
Le nombre total de médailles de Teddy Riner tous JO confondus
Le nombre d'équipes en Pro D2
Le nombre total de joueurs sur un terrain de handball au cours d'un match
Le nombre de saisons en Formule 1 de Fernando Alonso
Le nombre de nations championnes du monde de handball masculin
Le nombre de joueuses sur le terrain d'un match de football féminin
Le total des points d'une cible de tir à l'arc
Le nombre de points à gagner pour gagner une partie de pétanque
La moyenne de points inscrits par match par Victor Wembanyama sur la saison 2023-2024
Le record du monde du 200 mètres, en secondes
Une longueur (en mètres) de bassin olympique
L'âge (en années) du plus jeune vainqueur en WTT Star Contender au moment de sa victoire
 
Statistiques - réponses
Réponse % Correct
Le nombre de pilotes de Formule 1 sur la grille en 2025
55%
Le nombre de pays qualifiés à la coupe du monde de rugby à XV en 2023
45%
La moyenne de points inscrits par match par Victor Wembanyama sur la saison 2023-2024
36%
Le nombre de Grand Chelems gagnés par Serena Williams
36%
Le nombre de joueuses sur le terrain d'un match de football féminin
36%
Le total des points d'une cible de tir à l'arc
36%
Une longueur (en mètres) de bassin olympique
36%
Le nombre de saisons en Formule 1 de Fernando Alonso
27%
Le record du monde du 200 mètres, en secondes
27%
Le nombre d'équipes sur le Tour de France 2024
9%
Aucun quiz correspondant
Distribution des résultats
% des personnes avec chaque résultat
Percentile par nombre de réponses
Votre historique - résultats
Vous n’avez pas pris ce quiz